Náklady, výnosy, časové rozlišení a hospodářský výsledek. Reforma účetní soustavy. 6.

Problematika nákladov, výnosov, časového rozlíšenia a hospodárskeho výsledku úzko súvisí s výkazom ziskov a strát. Vysvetlenie zachytávania nákladov, výnosov, časového rozlíšenia a hospodárskeho výsledku a ich súvislosti s daňami z príjmov. Praktické závery pre podnikateľov.

Salvato in:
Dettagli Bibliografici
Autore principale: Schroll, R.
Natura: Capitolo di libro
Lingua:ceco
Soggetti:
Tags: Aggiungi Tag
Nessun Tag, puoi essere il primo ad aggiungerne!!

MARC

LEADER 00000naa a2200000 4500
001 r011225
005 20220831083824.1
041 0 |a cze 
044 |a [CS] 
245 1 0 |a Náklady, výnosy, časové rozlišení a hospodářský výsledek.  |b Reforma účetní soustavy. 6.  |c R. Schroll 
520 |a Problematika nákladov, výnosov, časového rozlíšenia a hospodárskeho výsledku úzko súvisí s výkazom ziskov a strát. Vysvetlenie zachytávania nákladov, výnosov, časového rozlíšenia a hospodárskeho výsledku a ich súvislosti s daňami z príjmov. Praktické závery pre podnikateľov. 
610 2 0 |a účtovníctvo 
610 2 0 |a náklady 
610 2 0 |a výnosy 
610 2 0 |a rozlíšenie časové 
610 2 0 |a výsledok hospodársky 
610 2 0 |a výkazy účtovné 
610 2 0 |a zisk 
610 2 0 |a strata 
610 2 0 |a dane z príjmov 
610 2 0 |a ČSFR 
100 1 |a Schroll, R.